[Event "UZB-ch (Women)"]
[Site "Tashkent"]
[Date "2019.05.12"]
[Round "9"]
[White "Orazmukhammedova, Makhim"]
[Black "Yakubbaeva, Nilufar"]
[Result "0-1"]
[WhiteElo "1928"]
[BlackElo "2134"]
[PlyCount "54"]
[EventDate "2019.05.04"]
[EventType "tourn"]
[EventRounds "9"]
[EventCountry "UZB"]
[SourceTitle "CBM 190 Extra"]
[Source "ChessBase"]
[SourceDate "2019.07.15"]
[SourceVersion "1"]
[SourceVersionDate "2019.07.15"]
[SourceQuality "1"]

1. d4 Nf6 2. Nf3 e6 3. c4 b6 4. g3 Bb7 5. Bg2 Be7 6. 0-0 0-0 7. Nc3 d5 8. cxd5 Nxd5 9. Bf4 Nxf4 10. gxf4 c5 11. e3 Na6 12. a3 Bf6 13. Qe2 Qe7 14. Rfd1 cxd4 15. Nxd4 Bxg2 16. Kxg2 Nc5 17. Qc2 Rfd8 18. Nf3 a5 19. Nb5 Qb7 20. Rxd8+ Rxd8 21. Rd1 Rxd1 22. Qxd1 Qc6 23. Nbd4 Qe4 24. b4 Nd3 25. Qa4 g5 26. fxg5 Bxd4 27. exd4 Ne1+ 0-1

[Event "UZB-ch (Women)"]
[Site "Tashkent"]
[Date "2019.05.10"]
[Round "7"]
[White "Orazmukhammedova, Makhim"]
[Black "Kurbonboeva, Sarvinoz"]
[Result "0-1"]
[WhiteElo "1928"]
[BlackElo "2297"]
[PlyCount "70"]
[EventDate "2019.05.04"]
[EventType "tourn"]
[EventRounds "9"]
[EventCountry "UZB"]
[SourceTitle "CBM 190 Extra"]
[Source "ChessBase"]
[SourceDate "2019.07.15"]
[SourceVersion "1"]
[SourceVersionDate "2019.07.15"]
[SourceQuality "1"]

1. d4 Nf6 2. c4 g6 3. Nc3 Bg7 4. e4 d6 5. Be2 0-0 6. Bg5 Na6 7. Nf3 h6 8. Bh4 e5 9. d5 c6 10. 0-0 cxd5 11. cxd5 Bd7 12. Nd2 Qb8 13. Bxa6 bxa6 14. Qb3 Rc8 15. f3 h5 16. Qc2 Be8 17. Rab1 Nd7 18. Rfc1 Bh6 19. Bf2 a5 20. b3 Qb4 21. a3 Qxc3 22. Qxc3 Rxc3 23. Rxc3 Bxd2 24. Rc6 Nb6 25. Rxd6 Bg5 26. Bxb6 axb6 27. Kh1 Rb8 28. f4 exf4 29. Rc1 Be7 30. Rdc6 Bxc6 31. Rxc6 Bxa3 32. d6 Rd8 33. e5 Bb2 34. Rxb6 Bxe5 35. Rb5 Rxd6 0-1

[Event "Asian-ch U18 Girls Rapid"]
[Site "Chiangmai"]
[Date "2018.04.01"]
[Round "2.1"]
[White "Orazmukhammedova, Makhim"]
[Black "Hamedi Nia, Vesal"]
[Result "0-1"]
[WhiteElo "1767"]
[BlackElo "1946"]
[PlyCount "70"]
[EventDate "2018.04.01"]
[EventType "swiss (rapid)"]
[EventRounds "7"]
[EventCountry "THA"]
[SourceTitle "EXT 2024"]
[Source "ChessBase"]
[SourceDate "2023.10.10"]
[SourceVersion "1"]
[SourceVersionDate "2023.10.10"]
[SourceQuality "1"]

1. d4 d5 2. c4 e6 3. Nf3 Nf6 4. g3 Bb4+ 5. Bd2 Be7 6. Bg2 0-0 7. Nc3 c6 8. Bf4 Nbd7 9. 0-0 dxc4 10. e4 b5 11. e5 Nd5 12. Nd2 N7b6 13. Nde4 Nxf4 14. gxf4 Nd5 15. Ne2 a5 16. a4 Ba6 17. Rc1 Rc8 18. N4g3 Nb6 19. axb5 cxb5 20. f5 Nd5 21. Qd2 Bb4 22. Nc3 Be7 23. Be4 b4 24. Nxd5 exd5 25. Bb1 f6 26. Qe2 Qb6 27. Rfe1 c3 28. Qd1 cxb2 29. Rc2 Rxc2 30. Qxc2 Qxd4 31. exf6 Bxf6 32. Re6 Bc4 33. Ne2 Qg4+ 34. Ng3 b3 35. Qd1 Qxd1+ 0-1